Jornada de Salut Pública : Diputació i Municipis de Barcelona : 20 anys treballant per la Salut Pública Diputació i Municipis de Barcelona :
Descripción Física:
15 p. : il. col. ; 30 cm
Materias:
Salut pública -- Barcelona (Província)
MARC
| LEADER | 00000nam a2200000Ia 4500 | ||
|---|---|---|---|
| 001 | 24202 | ||
| 008 | 160829s2011 xx 000 0 cat d | ||
| 080 | |a FU-63-26 | ||
| 245 | |a Jornada de Salut Pública : |b Diputació i Municipis de Barcelona : |b 20 anys treballant per la Salut Pública | ||
| 260 | |a Barcelona : |b Diputació de Barcelona. Àrea de Salut Pública i Consum, |c 2011 | ||
| 300 | |a 15 p. : |b il. col. ; |c 30 cm | ||
| 590 | |a Programa de la jornada celebrada a la Torre Agbar, el 14 de març de 2011 | ||
| 650 | 0 | |a Salut pública |x Barcelona (Província) |9 49942 | |
| 710 | |a Barcelona (Catalunya : Província). |b Àrea de Salut Pública i Consum |9 7348 | ||
| 901 | |a Arxiu | ||
| 942 | |n 1 | ||
| 952 | |0 0 |1 0 |4 0 |6 FU6326 |7 1 |9 55698 |a Arxiu |b Arxiu |d 2016-12-01 |l 0 |o FU-63-26 |p 24202 |r 2016-12-01 00:00:00 |w 2016-12-01 |y ARXIU | ||
| 999 | |c 59571 |d 59571 | ||